XLV día universal del ahorro (Record no. 55797)

MARC details
000 -LEADER
campo de control de longitud fija 00576nam a2200169 i 4500
001 - NÚMERO DE CONTROL
campo de control 55797
003 - IDENTIFICADOR DE NÚMERO DE CONTROL
campo de control ES-MaACL
005 - FECHA Y HORA DE LA ÚLTIMA TRANSACCIÓN
campo de control 20230906163224.0
007 - CAMPO FIJO DE DESCRIPCIÓN FÍSICA--INFORMACIÓN GENERAL
campo de control de longitud fija t|
008 - DATOS DE LONGITUD FIJA--INFORMACIÓN GENERAL
campo de control de longitud fija 030926s1971 sp ||||1| spa d
245 04 - MENCIÓN DEL TÍTULO
Título XLV día universal del ahorro
Resto del título : colaboraciones de graduados, seminarios, universitarios y de escuelas especiales.
260 ## - PUBLICACIÓN, DISTRIBUCIÓN, ETC.
Lugar de publicación, distribución, etc. Barcelona :
Nombre del editor, distribuidor, etc. Caja de Ahorros Provincial de Barcelona,
Fecha de publicación, distribución, etc. [1971]
300 ## - DESCRIPCIÓN FÍSICA
Extensión 375 p. ;
Dimensiones 22 cm.
740 0# - ENTRADA AGREGADA--TÍTULO RELACIONADO/ANALÍTICO NO CONTROLADO
Título relacionado o analítico no controlado XLV día universal del ahorro.
740 0# - ENTRADA AGREGADA--TÍTULO RELACIONADO/ANALÍTICO NO CONTROLADO
Título relacionado o analítico no controlado 45º día universal del ahorro.
852 ## - LOCALIZACIÓN
Ubicación ES-MaACL
Número de control de estantería C-45663
Sublocalización o colección R.77685
Holdings
Estatus retirado Estado de pérdida Estado de daño No para préstamo Biblioteca de origen Biblioteca actual Ubicación en estantería Fecha de adquisición Fuente de adquisición Total de préstamos Signatura topográfica completa Código de barras Visto por última vez Precio de reemplazo Tipo de ítem Koha
        Biblioteca del Ateneo de Madrid Biblioteca del Ateneo de Madrid Depósito 2 17/01/2008     C-45663 1058612 23/02/2023 23/02/2023 Libro impreso